Union responses to precarious workers (Registro nro. 47331)
[ vista simple ]
| 000 -CABECERA | |
|---|---|
| Longitud fija campo de control | 01283naa a2200337 c 4500 |
| 001 - NÚMERO DE CONTROL | |
| Número de control | 47331 |
| 003 - IDENTIFICADOR DE NÚMERO DE CONTROL | |
| Identificador del número de control | ES-MaCES |
| 005 - FECHA Y HORA DE LA ÚLTIMA TRANSACCIÓN | |
| Fecha y hora de la última transacción | 20160408120124.0 |
| 008 - CAMPO FIJO DE DESCRIPCIÓN FIJA--INFORMACIÓN GENERAL | |
| Códigos de información de longitud fija | 160405s2016 uk ||||| t||||||| ||eng d |
| 040 ## - FUENTE DE CATALOGACIÓN | |
| Centro catalogador de origen | ES-MaCES |
| Lengua de catalogación | spa |
| Centro transcriptor | ES-MaCES |
| Centro modificado | ES-MaCES |
| 100 1# - ENCABEZAMIENTO PRINCIPAL--NOMBRE PERSONAL | |
| 9 (RLIN) | 21505 |
| Nombre de persona | Pulignano, Valeria |
| 245 10 - MENCIÓN DE TÍTULO | |
| Título | Union responses to precarious workers |
| Resto del título | : Italy and Spain compared |
| Mención de responsabilidad, etc. | Valeria Pulignano, Luis Ortíz Gervasi, Fabio de Franceschi |
| 500 ## - NOTA GENERAL | |
| Nota general | Resumen |
| 504 ## - NOTA DE BIBLIOGRAFÍA, ETC. | |
| Nota de bibliografía, etc. | Bibliografía: p. 53-55 |
| 650 #4 - ASIENTO SECUNDARIO DE MATERIA--TÉRMINO DE MATERIA | |
| 9 (RLIN) | 28292 |
| Término de materia o nombre geográfico como elemento inicial | mercado de trabajo |
| 650 #4 - ASIENTO SECUNDARIO DE MATERIA--TÉRMINO DE MATERIA | |
| 9 (RLIN) | 30171 |
| Término de materia o nombre geográfico como elemento inicial | empleo precario |
| 650 #4 - ASIENTO SECUNDARIO DE MATERIA--TÉRMINO DE MATERIA | |
| 9 (RLIN) | 29204 |
| Término de materia o nombre geográfico como elemento inicial | trabajador temporal |
| 650 #4 - ASIENTO SECUNDARIO DE MATERIA--TÉRMINO DE MATERIA | |
| 9 (RLIN) | 28369 |
| Término de materia o nombre geográfico como elemento inicial | relaciones laborales |
| 650 #4 - ASIENTO SECUNDARIO DE MATERIA--TÉRMINO DE MATERIA | |
| 9 (RLIN) | 28379 |
| Término de materia o nombre geográfico como elemento inicial | representación de los trabajadores |
| 650 #4 - ASIENTO SECUNDARIO DE MATERIA--TÉRMINO DE MATERIA | |
| 9 (RLIN) | 29924 |
| Término de materia o nombre geográfico como elemento inicial | derechos de los trabajadores |
| 650 #4 - ASIENTO SECUNDARIO DE MATERIA--TÉRMINO DE MATERIA | |
| 9 (RLIN) | 28327 |
| Término de materia o nombre geográfico como elemento inicial | condiciones de trabajo |
| 650 #4 - ASIENTO SECUNDARIO DE MATERIA--TÉRMINO DE MATERIA | |
| 9 (RLIN) | 28892 |
| Término de materia o nombre geográfico como elemento inicial | comparación |
| 650 #4 - ASIENTO SECUNDARIO DE MATERIA--TÉRMINO DE MATERIA | |
| 9 (RLIN) | 26964 |
| Término de materia o nombre geográfico como elemento inicial | España |
| 650 #4 - ASIENTO SECUNDARIO DE MATERIA--TÉRMINO DE MATERIA | |
| 9 (RLIN) | 26952 |
| Término de materia o nombre geográfico como elemento inicial | Italia |
| 653 10 - TÉRMINO DE INDEXACIÓN--NO CONTROLADO | |
| Término no controlado | Relaciones laborales-Empleo |
| 700 1# - ENCABEZAMIENTO SECUNDARIO--NOMBRE PERSONAL | |
| 9 (RLIN) | 36662 |
| Nombre de persona | Ortíz Gervasi, Luis |
| 700 1# - ENCABEZAMIENTO SECUNDARIO--NOMBRE PERSONAL | |
| 9 (RLIN) | 36663 |
| Nombre de persona | Franceschi, Fabio de |
| 773 0# - ENTRADA DE DOCUMENTO FUENTE | |
| Itemnumber del ítem fuente | 84216 |
| Lugar, editor y fecha de publicación | London [etc.] Sage |
| Otro identificador del documento | 087118 |
| Título | European journal of industrial relations |
| Número de control del registro relacionado | (ES-MaCES)25885 |
| Parte(s) relacionada(s) | vol. 22, no 1 (Mar. 2016) {55/920 R. 087118} ;p. 39-55 |
| 902 ## - CES. TIPO DE DOCUMENTO | |
| Tipodoc (006$c Sirtex) | ART Artículo de revista |
| 942 ## - ELEMENTOS KOHA | |
| Fuente de clasificaión o esquema | Clasificación propia del CES |
| Koha [por defecto] tipo de item | Artículos (1982-2017) |
| Parte de clasificación | Relaciones Laborales y Rel. Lab.- Empleo |
No hay ítems disponibles.
